| 000 | 00612nam a2200193 i 4500 | ||
|---|---|---|---|
| 001 | 120309 | ||
| 003 | ES-MaACL | ||
| 005 | 20240408152335.0 | ||
| 007 | t| | ||
| 008 | 070214s1982 sp |||| | spa d | ||
| 100 | 1 |
_aCobos Castro, Esperanza. _939371 |
|
| 245 | 1 | 3 |
_aLa poesía francesa en la Ilustración española y americana / _cEsperanza Cobos Castro. |
| 260 |
_aCórdoba : _bAstur, _c1982. |
||
| 300 |
_a345 p. ; _c21 cm. |
||
| 650 | 4 |
_aPoesía francesa- _yS.XIX- _xHistoria y crítica. _9168432 |
|
| 650 | 7 |
_aPoesía francesa- _yS.XIX _2 _9140650 |
|
| 852 |
_aES-MaACL _jL-4507 |
||
| 999 |
_c120309 _d120309 |
||